000 00500nam a2200181Ia 4500
008 090124s9999 xx 000 0 und d
082 _b18311
_a6083
100 _aआपटे हरी नारायण
245 _a कालकूट
250 _a4
260 _c1972
300 _a160
600 _aआपटे हरी नारायण
630 _a कालकूट
700 _aआपटे हरी नारायण
730 _a कालकूट
942 _cBOOK
999 _c132252
_d132252